| 000 | 01283nam a2200301Ia 4500 | ||
|---|---|---|---|
| 001 | ebr10366818 | ||
| 003 | CaPaEBR | ||
| 006 | m u | ||
| 007 | cr cn||||||||| | ||
| 008 | 950110r19941970iluab sb 001 0 eng d | ||
| 020 | _z0226467309 | ||
| 020 | _z9780226467306 | ||
| 040 |
_aCaPaEBR _cCaPaEBR |
||
| 035 | _a(OCoLC)647877983 | ||
| 050 | 1 | 4 |
_aCB203 _b.L32121 1994eb |
| 100 | 1 |
_aLach, Donald F. _q(Donald Frederick), _d1917- |
|
| 245 | 1 | 0 |
_aAsia in the making of Europe. _nVolume II, _pA century of wonder. _nBook One, _pThe visual arts _h[electronic resource] / _cDonald F. Lach. |
| 260 |
_aChicago, Ill. : _bUniversity of Chicago Press, _c1994, c1970. |
||
| 300 |
_axvii, 241 p. : _bill., maps. |
||
| 504 | _aIncludes bibliographical references and index. | ||
| 533 |
_aElectronic reproduction. _bPalo Alto, Calif. : _cebrary, _d2013. _nAvailable via World Wide Web. _nAccess may be limited to ebrary affiliated libraries. |
||
| 650 | 0 |
_aEast and West _xHistory. |
|
| 651 | 0 |
_aEurope _xCivilization _xAsian influences. |
|
| 651 | 0 |
_aAsia _xDiscovery and exploration. |
|
| 655 | 7 |
_aElectronic books. _2local |
|
| 710 | 2 | _aebrary, Inc. | |
| 856 | 4 | 0 |
_uhttp://site.ebrary.com/lib/rucke/Doc?id=10366818 _zAn electronic book accessible through the World Wide Web; click to view |
| 999 |
_c112241 _d112241 |
||